| 000 | 01173nam a22003137a 4500 | ||
|---|---|---|---|
| 001 | BR9511453 | ||
| 003 | BR-BrBNA | ||
| 005 | 20230928095141.0 | ||
| 007 | ta | ||
| 008 | 230509b bl.||||| |||| 00| 0 por d | ||
| 040 |
_aBR-BrBNA _bpor _cBiblioteca Nacional de Agricultura |
||
| 041 | _a(Por) | ||
| 072 |
_aH20 _b2760 _b4150 |
||
| 090 | _ 2760 BR9511453 | ||
| 100 | 1 | _aQuecini, V.M. | |
| 110 | 1 |
_aEscola Superior de Agricultura Luiz de Queiroz, Piracicaba, SP (Brasil) _0Tese (Mestre em Agronomia) |
|
| 245 | 1 | _aEfeito da presenca do virus do "vira-cabeca" do tomateiro e de ribavirina sobre a cinetica de crescimento de protoplastos do mesofilo de fumo (Nicotiana tabacum L.)em cultivo de suspensao e sobre isoformas de peroxidases, shiquimato desidrogenases e amilases | |
| 260 | 3 |
_aPiracicaba, SP (Brasil): _c1995. |
|
| 300 | _a133 p. | ||
| 500 | _aBibliography p. 89-117; 27 illus.; 6 tables; Summaries (Eng, Por) | ||
| 650 | _aFumo | ||
| 650 | _aVira-Cabeca | ||
| 650 | _aInibidor de Crescimento | ||
| 650 | _aPlanta Hospedeira | ||
| 650 | _aAtividade Enzimica | ||
| 650 | _aControle Quimico | ||
| 909 |
_a202309 _bLucia _c55 _dLucia Elande |
||
| 942 | _cBK | ||
| 999 |
_c54824 _d54824 |
||